000 00595nam a2200277Ia 4500
005 20260401122435.0
008 008 250103s9999 xx 000 0 eng d
020 _a9780521715416
037 _aTB
040 _aEDL
040 _beng
040 _cEDL
041 _2eng
041 _aeng
084 _a809.93MAC
084 _qEDL
245 0 _aLiterature of world war II
260 _aCambridge
260 _bCambridge University Press
260 _c2009
300 _a234p
942 _cTB
942 _h809.93MAC
999 _c1847299
_d1847299